| 000 | 00551nam a2200181 4500 | ||
|---|---|---|---|
| 999 |
_c188991 _d188991 |
||
| 005 | 20220609110358.0 | ||
| 010 | _aENG-133169 | ||
| 020 |
_a9789389146202 _c320.00 |
||
| 035 | _aEN-116701 | ||
| 037 | _bDBAD/PUB | ||
| 082 | _a343.54099 | ||
| 100 | _aShitharh, S. | ||
| 245 |
_aA way to Cyberthon/ _cS. Shitharth [et.al...] |
||
| 260 |
_aTamil Nadu _bShanlax Publications _c2019 |
||
| 270 |
_a61, 66 T.P.K. Main Road Vasantha Nagar, Madurai _bTamil Nadu _e625003 |
||
| 300 |
_a249p. _c22cm(pbk) |
||
| 942 |
_2ddc _cEN _h343.54099 _mSHI |
||